[Event "1st Sivas Buruciye Open 2019"]
[Site "Sivas"]
[Date "2019.08.22"]
[Round "7"]
[White "Ghaffarifar, Matin"]
[Black "Gasimov, Parviz"]
[Result "0-1"]
[WhiteElo "2082"]
[BlackElo "2342"]
[Annotator "NA"]
[PlyCount "146"]
[EventDate "2019.08.19"]
[EventType "swiss"]
[EventCountry "TUR"]
[SourceTitle "playchess.com"]
[Source "ChessBase"]
[SourceQuality "1"]
[TimeControl "5400+30"]

1. d4 d5 2. c4 c6 3. Nf3 Nf6 4. g3 e6 5. Bg2 Nbd7 6. O-O Be7 7. Nbd2 O-O 8. Qc2 b6 9. e4 Ba6 10. Rd1 Rc8 11. Ne5 Nxe5 12. dxe5 Ng4 13. Qa4 Bxc4 14. Nxc4 b5 15. Qc2 bxc4 16. Qe2 Nh6 17. Be3 Kh8 18. Qh5 Ng8 19. exd5 cxd5 20. Bxa7 Qa5 21. Bd4 Bc5 22. Qh4 {[%emt 1:25:02]} Ne7 {[%emt 1:21:00]} 23. Bxc5 {[%emt 0:00:30]} Qxc5 {[%emt 0:00:30]} 24. b3 {[%emt 0:03:10]} Ng6 {[%emt 0:04:32]} 25. Qh5 {[%emt 0:00:08]} c3 {[%emt 0:02:06]} 26. Rac1 {[%emt 0:01:44]} f6 {[%emt 0:03:38]} 27. exf6 {[%emt 0:00:43]} Rxf6 {[%emt 0:00:07]} 28. Qe2 {[%emt 0:00:00]} Rcf8 {[%emt 0:04:05]} 29. Qe3 {[%emt 0:00:13]} Qa5 {[%emt 0:03:58]} 30. Rc2 {[%emt 0:01:32]} Rc8 {[%emt 0:00:50]} 31. Rd3 {[%emt 0:00:26]} Rd8 {[%emt 0:01:21]} 32. Qd4 {[%emt 0:01:06]} Qa6 {[%emt 0:02:01]} 33. Qxc3 {[%emt 0:01:15]} Ne5 {[%emt 0:00:17]} 34. Re3 {[%emt 0:02:14]} d4 {[%emt 0:01:37]} 35. Qc7 {[%emt 0:01:14]} Nf7 {[%emt 0:00:33]} 36. Bf1 {[%emt 0:02:07]} Qa8 {[%emt 0:00:05]} 37. Re1 {[%emt 0:01:04]} Rf8 {[%emt 0:00:58]} 38. Bg2 {[%emt 0:00:52]} Qa6 {[%emt 0:00:35]} 39. Qc5 {[%emt 0:00:32]} Rd8 {[%emt 0:00:26]} 40. f4 {[%emt 0:00:53]} d3 {[%emt 0:00:41]} 41. Rd2 {[%emt 0:00:39]} Rf5 {[%emt 0:00:19]} 42. Qc3 {[%emt 0:00:39]} Qb6+ {[%emt 0:00:13]} 43. Kh1 {[%emt 0:01:16]} Rc5 {[%emt 0:00:01]} 44. Qb2 {[%emt 0:00:00]} Nh6 {[%emt 0:00:32]} 45. Be4 {[%emt 0:00:27]} Ng4 {[%emt 0:01:28]} 46. h3 {[%emt 0:00:26]} Rh5 {[%emt 0:00:33]} 47. Kg2 {[%emt 0:01:33]} Ne3+ {[%emt 0:00:10]} 48. Kf3 {[%emt 0:01:54]} Nc2 {[%emt 0:00:17]} 49. Rxc2 {[%emt 0:02:13]} dxc2 {[%emt 0:00:01]} 50. Qxc2 {[%emt 0:00:04]} Rxh3 {[%emt 0:00:19]} 51. Rd1 {[%emt 0:00:25]} Rxd1 {[%emt 0:01:04]} 52. Qxd1 {[%emt 0:00:30]} Rh2 {[%emt 0:00:30]} 53. Qf1 {[%emt 0:00:30]} Rxa2 {[%emt 0:00:17]} 54. Qh1 {[%emt 0:01:00]} Qf2+ {[%emt 0:01:25]} 55. Kg4 {[%emt 0:00:03]} Qe2+ {[%emt 0:00:00]} 56. Bf3 {[%emt 0:00:14]} Qd3 {[%emt 0:00:54]} 57. Be4 {[%emt 0:00:47]} Qe2+ {[%emt 0:00:01]} 58. Bf3 {[%emt 0:00:00]} Qh2 {[%emt 0:00:47]} 59. Qxh2 {[%emt 0:01:57]} Rxh2 {[%emt 0:00:01]} 60. Bc6 {[%emt 0:00:00]} Kg8 {[%emt 0:01:07]} 61. b4 {[%emt 0:00:00]} Rb2 {[%emt 0:00:02]} 62. b5 {[%emt 0:00:00]} Rb3 {[%emt 0:00:00]} 63. Kh4 {[%emt 0:01:32]} Kf7 {[%emt 0:00:19]} 64. g4 {[%emt 0:00:33]} Kf6 {[%emt 0:00:50]} 65. Bd7 {[%emt 0:00:28]} Ke7 {[%emt 0:01:10]} 66. Bc6 {[%emt 0:00:06]} Kf6 {[%emt 0:00:00]} 67. Be4 {[%emt 0:00:46]} h6 {[%emt 0:01:15]} 68. g5+ {[%emt 0:00:24]} hxg5+ {[%emt 0:00:30]} 69. fxg5+ {[%emt 0:00:01]} Ke5 {[%emt 0:00:00]} 70. Bc6 {[%emt 0:00:10]} Kf5 {[%emt 0:00:00]} 71. Be8 {[%emt 0:01:26]} g6 {[%emt 0:00:30]} 72. Bd7 {[%emt 0:00:08]} Rb4+ {[%emt 0:00:29]} 73. Kh3 {[%emt 0:00:00]} Kxg5 {[%emt 0:00:00]} 0-1

[Event "1st Sivas Buruciye Open 2019"]
[Site "Sivas"]
[Date "2019.08.22"]
[Round "7"]
[White "Amanmuradow, Atajan"]
[Black "Altundal, Arda"]
[Result "1/2-1/2"]
[WhiteElo "1794"]
[BlackElo "1659"]
[Annotator "NA"]
[PlyCount "118"]
[EventDate "2019.08.19"]
[EventType "swiss"]
[EventCountry "TUR"]
[SourceTitle "playchess.com"]
[Source "ChessBase"]
[SourceQuality "1"]
[TimeControl "5400+30"]

1. d4 d5 2. Nf3 Nf6 3. e3 e6 4. b3 c5 5. Bb2 Nc6 6. Nbd2 Bd6 7. c4 O-O 8. Bd3 b6 9. O-O Bb7 10. a3 Ne7 11. Ne5 Ng6 12. f4 Ne4 13. Ndf3 Ne7 14. Nd2 f6 15. Nef3 Nf5 16. Qe2 cxd4 17. Nxd4 Nxd4 18. exd4 f5 19. Qe3 Rc8 20. Nf3 Qe7 21. Ne5 Rc7 22. Qe2 Bxe5 23. fxe5 Qg5 {[%emt 1:38:08]} 24. Rac1 {[%emt 1:12:00]} Rfc8 {[%emt 0:01:37]} 25. Rc2 {[%emt 0:00:30]} Qe7 {[%emt 0:01:51]} 26. Rfc1 {[%emt 0:06:30]} a5 {[%emt 0:00:05]} 27. Qe3 {[%emt 0:04:41]} Qg5 {[%emt 0:00:41]} 28. Qxg5 {[%emt 0:00:46]} Nxg5 {[%emt 0:00:02]} 29. c5 {[%emt 0:00:03]} bxc5 {[%emt 0:01:11]} 30. dxc5 {[%emt 0:00:30]} Bc6 {[%emt 0:00:14]} 31. Bc3 {[%emt 0:04:57]} a4 {[%emt 0:00:46]} 32. b4 {[%emt 0:02:39]} Rb8 {[%emt 0:00:11]} 33. Bd4 {[%emt 0:00:29]} Nf7 {[%emt 0:00:35]} 34. Rb2 {[%emt 0:00:40]} Bb5 {[%emt 0:00:19]} 35. Bxb5 {[%emt 0:02:15]} Rxb5 {[%emt 0:00:30]} 36. c6 {[%emt 0:00:00]} Nd8 {[%emt 0:00:00]} 37. Rbc2 {[%emt 0:00:00]} Kf7 {[%emt 0:00:26]} 38. Kf2 {[%emt 0:00:02]} g5 {[%emt 0:01:29]} 39. g3 {[%emt 0:00:19]} Kg6 {[%emt 0:00:18]} 40. Ke3 {[%emt 0:01:51]} h6 {[%emt 0:00:28]} 41. h3 {[%emt 0:00:18]} Kf7 {[%emt 0:00:25]} 42. Kf3 {[%emt 0:00:24]} Kg6 {[%emt 0:00:08]} 43. h4 {[%emt 0:03:35]} g4+ {[%emt 0:00:43]} 44. Ke3 {[%emt 0:00:39]} Kh5 {[%emt 0:00:08]} 45. Kf2 {[%emt 0:00:46]} Kg6 {[%emt 0:00:06]} 46. Ke3 {[%emt 0:00:38]} Kh5 {[%emt 0:01:52]} 47. Kf2 {[%emt 0:05:15]} Kg6 {[%emt 0:00:05]} 48. h5+ {[%emt 0:00:00]} Kg7 {[%emt 0:01:00]} 49. Ke3 {[%emt 0:00:10]} Kf7 {[%emt 0:00:22]} 50. Kd3 {[%emt 0:00:01]} Kg7 {[%emt 0:00:16]} 51. Ke3 {[%emt 0:01:40]} Kf7 {[%emt 0:00:16]} 52. Kf4 {[%emt 0:00:02]} Ke8 {[%emt 0:00:34]} 53. Bc5 {[%emt 0:01:56]} Rxc6 {[%emt 0:00:52]} 54. Bd6 {[%emt 0:00:02]} Kd7 {[%emt 0:00:41]} 55. Ke3 {[%emt 0:01:03]} Rxc2 {[%emt 0:01:01]} 56. Rxc2 {[%emt 0:00:04]} Nc6 {[%emt 0:00:00]} 57. Kf4 {[%emt 0:00:20]} d4 {[%emt 0:00:31]} 58. Bc5 {[%emt 0:00:05]} Ne7 {[%emt 0:00:36]} 59. Bxe7 {[%emt 0:01:33]} Kxe7 {[%emt 0:00:05]} 1/2-1/2

[Event "1st Sivas Buruciye Open 2019"]
[Site "Sivas"]
[Date "2019.08.22"]
[Round "7"]
[White "Taze, Bulent"]
[Black "Can, Ilhan"]
[Result "1/2-1/2"]
[WhiteElo "1743"]
[BlackElo "1683"]
[Annotator "NA"]
[PlyCount "22"]
[EventDate "2019.08.19"]
[EventType "swiss"]
[EventCountry "TUR"]
[SourceTitle "playchess.com"]
[Source "ChessBase"]
[SourceQuality "1"]
[TimeControl "5400+30"]

1. d4 {[%emt 0:00:30]} d6 {[%emt 0:04:30]} 2. c4 {[%emt 0:00:30]} e5 {[%emt 0:00:30]} 3. dxe5 {[%emt 0:00:30]} dxe5 {[%emt 0:00:00]} 4. Qxd8+ {[%emt 0:00:30]} Kxd8 {[%emt 0:00:00]} 5. Nc3 {[%emt 0:03:30]} c6 {[%emt 0:00:30]} 6. Bd2 {[%emt 0:00:30]} Be6 {[%emt 0:00:30]} 7. e4 {[%emt 0:00:30]} Nd7 {[%emt 0:01:30]} 8. Nf3 {[%emt 0:05:30]} f6 {[%emt 0:00:30]} 9. O-O-O {[%emt 0:00:30]} Kc7 {[%emt 0:00:00]} 10. Kc2 {[%emt 0:02:30]} h5 {[%emt 0:04:00]} 11. Be2 {[%emt 0:02:30]} g6 {[%emt 0:06:30]} 1/2-1/2

[Event "1st Sivas Buruciye Open 2019"]
[Site "Sivas"]
[Date "2019.08.22"]
[Round "7"]
[White "Zeynalov, Tural"]
[Black "Shahlarov, Faig"]
[Result "1-0"]
[WhiteElo "1709"]
[BlackElo "1798"]
[Annotator "NA"]
[PlyCount "133"]
[EventDate "2019.08.19"]
[EventType "swiss"]
[EventCountry "TUR"]
[SourceTitle "playchess.com"]
[Source "ChessBase"]
[SourceQuality "1"]
[TimeControl "5400+30"]

1. e4 c5 2. Nf3 d6 3. d4 cxd4 4. Nxd4 Nf6 5. Nc3 a6 6. h4 Nc6 7. h5 h6 8. Be2 e5 9. Nb3 Be6 10. f4 Na5 11. f5 Nxb3 12. axb3 Bd7 13. Bf3 Qb6 14. Qd3 Bc6 15. Be3 Qc7 16. O-O-O b5 17. Bf2 Rb8 18. Bh4 b4 19. Nd5 Nxd5 20. exd5 Bb5 21. Qd2 Qa5 22. Kb1 f6 23. Be1 Bd7 24. Be4 Qc7 25. Rh4 a5 26. Bd3 Be7 27. Qe2 O-O 28. Bd2 Kh8 29. Rg4 Rg8 30. Rg6 Be8 31. Qg4 Bxg6 32. hxg6 Rgc8 {[%emt 1:29:54]} 33. Rh1 {[%emt 1:16:30]} Bf8 {[%emt 0:00:16]} 34. Rh5 {[%emt 0:03:30]} a4 {[%emt 0:01:08]} 35. bxa4 {[%emt 0:04:30]} b3 {[%emt 0:00:06]} 36. c3 {[%emt 0:01:30]} Qc5 {[%emt 0:00:19]} 37. Qf3 {[%emt 0:05:24]} Qg1+ {[%emt 0:00:14]} 38. Bf1 {[%emt 0:01:10]} e4 {[%emt 0:02:14]} 39. Qf4 {[%emt 0:00:20]} Qa7 {[%emt 0:03:23]} 40. Qxe4 {[%emt 0:00:48]} Re8 {[%emt 0:01:15]} 41. Qh4 {[%emt 0:01:10]} Kg8 {[%emt 0:02:36]} 42. Qd4 {[%emt 0:01:08]} Qxd4 {[%emt 0:02:37]} 43. cxd4 {[%emt 0:00:30]} Re4 {[%emt 0:00:00]} 44. Bc3 {[%emt 0:02:37]} Rbe8 {[%emt 0:00:00]} 45. Kc1 {[%emt 0:00:37]} Re1+ {[%emt 0:00:28]} 46. Bxe1 {[%emt 0:00:03]} Rxe1+ {[%emt 0:00:00]} 47. Kd2 {[%emt 0:00:20]} Rxf1 {[%emt 0:00:00]} 48. Kc3 {[%emt 0:00:25]} Be7 {[%emt 0:00:14]} 49. Kxb3 {[%emt 0:00:48]} Kf8 {[%emt 0:00:07]} 50. Kc4 {[%emt 0:00:00]} Ke8 {[%emt 0:00:36]} 51. a5 {[%emt 0:00:44]} Kd7 {[%emt 0:00:02]} 52. Kb5 {[%emt 0:00:05]} Rf4 {[%emt 0:01:48]} 53. a6 {[%emt 0:02:01]} Kc7 {[%emt 0:00:12]} 54. Rh3 {[%emt 0:00:28]} Rxd4 {[%emt 0:00:04]} 55. Rc3+ {[%emt 0:00:42]} Kb8 {[%emt 0:00:10]} 56. a7+ {[%emt 0:00:03]} Kxa7 {[%emt 0:01:21]} 57. Rc7+ {[%emt 0:00:06]} Kb8 {[%emt 0:00:02]} 58. Rxe7 {[%emt 0:00:03]} Rxd5+ {[%emt 0:00:00]} 59. Kb6 {[%emt 0:01:01]} Kc8 {[%emt 0:00:00]} 60. Kc6 {[%emt 0:00:52]} Rc5+ {[%emt 0:00:00]} 61. Kxd6 {[%emt 0:00:00]} Rxf5 {[%emt 0:00:00]} 62. Rxg7 {[%emt 0:00:00]} Rg5 {[%emt 0:01:08]} 63. Ke6 {[%emt 0:00:24]} Rxg2 {[%emt 0:00:07]} 64. Kf7 {[%emt 0:00:26]} Rxb2 {[%emt 0:06:23]} 65. Rh7 {[%emt 0:00:18]} Kd7 {[%emt 0:00:30]} 66. g7 {[%emt 0:01:02]} Rg2 {[%emt 0:00:10]} 67. Rxh6 {[%emt 0:00:00]} 1-0

[Event "1st Sivas Buruciye Open 2019"]
[Site "Sivas"]
[Date "2019.08.22"]
[Round "7"]
[White "Tofan, Ismail"]
[Black "Var, Sefa"]
[Result "1-0"]
[WhiteElo "1669"]
[BlackElo "1698"]
[Annotator "NA"]
[PlyCount "45"]
[EventDate "2019.08.19"]
[EventType "swiss"]
[EventCountry "TUR"]
[SourceTitle "playchess.com"]
[Source "ChessBase"]
[SourceQuality "1"]
[TimeControl "5400+30"]

1. Nf3 {[%emt 0:00:30]} d5 {[%emt 0:04:30]} 2. b3 {[%emt 0:01:30]} Nf6 {[%emt 0:00:30]} 3. e3 {[%emt 0:00:30]} Bg4 {[%emt 0:01:30]} 4. Be2 {[%emt 0:00:30]} e6 {[%emt 0:00:30]} 5. Bb2 {[%emt 0:02:30]} Nbd7 {[%emt 0:06:30]} 6. O-O {[%emt 0:03:30]} Bd6 {[%emt 0:01:30]} 7. c4 {[%emt 0:00:30]} c6 {[%emt 0:01:30]} 8. d4 {[%emt 0:02:30]} Ne4 {[%emt 0:07:30]} 9. Nbd2 {[%emt 0:03:30]} f5 {[%emt 0:06:30]} 10. h3 {[%emt 0:01:30]} Bh5 {[%emt 0:01:30]} 11. Ne5 {[%emt 0:01:30]} Bxe2 {[%emt 0:03:30]} 12. Qxe2 {[%emt 0:00:30]} Nxd2 {[%emt 0:03:30]} 13. Qxd2 {[%emt 0:00:30]} Nxe5 {[%emt 0:05:30]} 14. dxe5 {[%emt 0:00:30]} Bc7 {[%emt 0:00:30]} 15. Qb4 {[%emt 0:01:30]} Rb8 {[%emt 0:06:30]} 16. cxd5 {[%emt 0:04:30]} a5 {[%emt 0:13:30]} 17. Qc5 {[%emt 0:01:30]} Qxd5 {[%emt 0:01:30]} 18. Qxd5 {[%emt 0:03:30]} cxd5 {[%emt 0:02:30]} 19. Rac1 {[%emt 0:04:30]} Kd7 {[%emt 0:00:30]} 20. g4 {[%emt 0:02:30]} Rhf8 {[%emt 0:02:30]} 21. Ba3 {[%emt 0:00:30]} Rf7 {[%emt 0:01:30]} 22. Rxc7+ {[%emt 0:00:30]} Kxc7 {[%emt 0:00:30]} 23. Bd6+ {[%emt 0:00:30]} 1-0

[Event "1st Sivas Buruciye Open 2019"]
[Site "Sivas"]
[Date "2019.08.22"]
[Round "7"]
[White "Samli, Ibrahim"]
[Black "Sabahi, Ali Can"]
[Result "1-0"]
[WhiteElo "1655"]
[BlackElo "1825"]
[Annotator "NA"]
[PlyCount "131"]
[EventDate "2019.08.19"]
[EventType "swiss"]
[EventCountry "TUR"]
[SourceTitle "playchess.com"]
[Source "ChessBase"]
[SourceQuality "1"]
[TimeControl "5400+30"]

1. e4 c5 2. Nf3 e6 3. d4 cxd4 4. Nxd4 Nf6 5. Nc3 Bb4 6. Bd3 Nc6 7. Nxc6 bxc6 8. Bd2 d5 9. e5 Nd7 10. Qg4 Bf8 11. Qg3 g6 12. h4 Bg7 13. f4 Qb6 14. h5 Nc5 15. O-O-O Nxd3+ 16. Qxd3 Ba6 17. Qg3 O-O-O 18. hxg6 hxg6 19. Rxh8 Rxh8 20. Be3 Qa5 21. Qf2 Bf8 22. Kb1 c5 23. Bd2 Qc7 24. g3 Qc6 25. b3 d4 26. Na4 Bb7 27. Be1 Qf3 28. Qd2 Be7 29. Rc1 Kb8 30. Qa5 Rc8 31. Nb2 g5 32. Nd3 gxf4 33. gxf4 Rc6 34. Qb5 a6 35. Qa5 c4 {[%emt 1:34:40]} 36. bxc4 {[%emt 1:11:00]} Rxc4 {[%emt 0:00:30]} 37. a3 {[%emt 0:03:30]} Kc8 {[%emt 0:01:46]} 38. Kb2 {[%emt 0:04:30]} Bd8 {[%emt 0:02:08]} 39. Qd2 {[%emt 0:00:30]} Ra4 {[%emt 0:00:56]} 40. Qf2 {[%emt 0:09:30]} Qd5 {[%emt 0:00:33]} 41. Bb4 {[%emt 0:01:30]} a5 {[%emt 0:02:53]} 42. Bd6 {[%emt 0:00:30]} Qb5+ {[%emt 0:01:23]} 43. Ka1 {[%emt 0:00:34]} Bd5 {[%emt 0:00:20]} 44. Nb2 {[%emt 0:02:16]} Bc7 {[%emt 0:01:00]} 45. Qg3 {[%emt 0:01:59]} Bxd6 {[%emt 0:03:37]} 46. exd6 {[%emt 0:00:42]} Kd7 {[%emt 0:00:46]} 47. Rb1 {[%emt 0:03:17]} Rc4 {[%emt 0:02:18]} 48. Nxc4 {[%emt 0:01:29]} Qxc4 {[%emt 0:00:23]} 49. Qb3 {[%emt 0:00:46]} Qxb3 {[%emt 0:00:36]} 50. cxb3 {[%emt 0:00:47]} Kxd6 {[%emt 0:00:01]} 51. Kb2 {[%emt 0:00:13]} Bf3 {[%emt 0:00:58]} 52. Re1 {[%emt 0:00:53]} d3 {[%emt 0:00:36]} 53. Kc3 {[%emt 0:00:51]} Be2 {[%emt 0:00:04]} 54. Rc1 {[%emt 0:00:33]} e5 {[%emt 0:00:45]} 55. fxe5+ {[%emt 0:00:37]} Kxe5 {[%emt 0:00:00]} 56. Kd2 {[%emt 0:00:23]} Kd5 {[%emt 0:00:25]} 57. b4 {[%emt 0:00:36]} axb4 {[%emt 0:00:50]} 58. axb4 {[%emt 0:00:04]} Kd4 {[%emt 0:00:00]} 59. b5 {[%emt 0:00:31]} Bf3 {[%emt 0:00:10]} 60. b6 {[%emt 0:00:19]} f5 {[%emt 0:00:23]} 61. Rc7 {[%emt 0:00:22]} f4 {[%emt 0:00:31]} 62. b7 {[%emt 0:00:15]} Bxb7 {[%emt 0:00:08]} 63. Rxb7 {[%emt 0:00:33]} Ke4 {[%emt 0:00:02]} 64. Rb4+ {[%emt 0:03:58]} Kf3 {[%emt 0:00:06]} 65. Kxd3 {[%emt 0:00:29]} Kg3 {[%emt 0:00:34]} 66. Ke4 {[%emt 0:00:56]} 1-0

[Event "1st Sivas Buruciye Open 2019"]
[Site "Sivas"]
[Date "2019.08.22"]
[Round "7"]
[White "Ozen, Sadettin Alperen"]
[Black "Ismayilov, Arturan"]
[Result "1-0"]
[WhiteElo "1549"]
[BlackElo "1561"]
[Annotator "NA"]
[PlyCount "47"]
[EventDate "2019.08.19"]
[EventType "swiss"]
[EventCountry "TUR"]
[SourceTitle "playchess.com"]
[Source "ChessBase"]
[SourceQuality "1"]
[TimeControl "5400+30"]

1. e4 {[%emt 0:00:30]} c5 {[%emt 0:00:30]} 2. Nf3 {[%emt 0:00:30]} d6 {[%emt 0:00:30]} 3. d4 {[%emt 0:00:00]} cxd4 {[%emt 0:00:00]} 4. Nxd4 {[%emt 0:00:00]} Nf6 {[%emt 0:00:00]} 5. Nc3 {[%emt 0:01:30]} a6 {[%emt 0:00:00]} 6. Bg5 {[%emt 0:01:30]} e6 {[%emt 0:00:00]} 7. Qe2 {[%emt 0:00:30]} Be7 {[%emt 0:00:30]} 8. f4 {[%emt 0:00:00]} Nc6 {[%emt 0:01:30]} 9. Nxc6 {[%emt 0:02:00]} bxc6 {[%emt 0:00:00]} 10. O-O-O {[%emt 0:00:00]} Qc7 {[%emt 0:01:00]} 11. e5 {[%emt 0:00:00]} dxe5 {[%emt 0:00:30]} 12. fxe5 {[%emt 0:00:30]} Nd5 {[%emt 0:00:30]} 13. Ne4 {[%emt 0:00:30]} Qxe5 {[%emt 0:00:30]} 14. Bxe7 {[%emt 0:02:30]} Kxe7 {[%emt 0:03:30]} 15. Qd3 {[%emt 0:03:30]} Nb4 {[%emt 0:05:30]} 16. Qc4 {[%emt 0:02:30]} Rb8 {[%emt 0:04:30]} 17. c3 {[%emt 0:00:30]} Nxa2+ {[%emt 0:03:30]} 18. Qxa2 {[%emt 0:00:30]} Qxe4 {[%emt 0:00:30]} 19. Qa3+ {[%emt 0:00:30]} Kf6 {[%emt 0:02:30]} 20. Bd3 {[%emt 0:00:30]} Qe3+ {[%emt 0:00:30]} 21. Kb1 {[%emt 0:00:30]} g6 {[%emt 0:00:30]} 22. Qd6 {[%emt 0:00:30]} Rb7 {[%emt 0:09:30]} 23. Rhe1 {[%emt 0:00:30]} Rd7 {[%emt 0:02:30]} 24. Qxd7 {[%emt 0:01:30]} 1-0

[Event "1st Sivas Buruciye Open 2019"]
[Site "Sivas"]
[Date "2019.08.22"]
[Round "7"]
[White "Babayeva, Nasrin"]
[Black "Sibli, Murat Yigit"]
[Result "1/2-1/2"]
[WhiteElo "1547"]
[BlackElo "1583"]
[Annotator "NA"]
[PlyCount "96"]
[EventDate "2019.08.19"]
[EventType "swiss"]
[EventCountry "TUR"]
[SourceTitle "playchess.com"]
[Source "ChessBase"]
[SourceQuality "1"]
[TimeControl "5400+30"]

1. c4 Nf6 2. Nf3 e6 3. g3 Be7 4. Bg2 O-O 5. O-O d5 6. Qc2 c6 7. d4 b6 8. b3 Bb7 9. Bb2 Nbd7 10. Nbd2 Rc8 11. Rac1 c5 12. Qb1 Bd6 13. cxd5 exd5 14. Rfd1 Qe7 15. e3 Rfd8 16. Qa1 Ne4 17. dxc5 Bxc5 18. Nxe4 dxe4 19. Nd4 g6 20. a3 a5 21. Ne2 Bd6 22. Rxc8 Rxc8 23. Bh3 f5 24. Nd4 Rf8 25. Bf1 Ne5 26. Nb5 Bb8 27. a4 {[%emt 1:12:30]} Nf3+ {[%emt 1:34:24]} 28. Kh1 {[%emt 0:00:30]} Be5 {[%emt 0:01:12]} 29. Bc4+ {[%emt 0:02:30]} Kg7 {[%emt 0:02:19]} 30. Bxe5+ {[%emt 0:01:30]} Nxe5 {[%emt 0:00:06]} 31. Rd6 {[%emt 0:06:30]} Rf6 {[%emt 0:00:58]} 32. Rxf6 {[%emt 0:03:09]} Qxf6 {[%emt 0:01:03]} 33. Nc7 {[%emt 0:00:28]} Bc6 {[%emt 0:04:12]} 34. Ne6+ {[%emt 0:00:57]} Kh6 {[%emt 0:00:36]} 35. Qf1 {[%emt 0:01:22]} g5 {[%emt 0:00:40]} 36. Nd4 {[%emt 0:06:45]} Bd7 {[%emt 0:00:16]} 37. Bg8 {[%emt 0:01:25]} Kg7 {[%emt 0:00:49]} 38. Bc4 {[%emt 0:02:04]} Nf3 {[%emt 0:00:56]} 39. Nxf3 {[%emt 0:01:34]} exf3 {[%emt 0:00:01]} 40. Qd1 {[%emt 0:00:00]} Bc6 {[%emt 0:00:28]} 41. Qd4 {[%emt 0:00:16]} Kg6 {[%emt 0:01:39]} 42. Kg1 {[%emt 0:01:20]} f4 {[%emt 0:00:33]} 43. Bd3+ {[%emt 0:00:45]} Kg7 {[%emt 0:00:30]} 44. Qxf6+ {[%emt 0:00:44]} Kxf6 {[%emt 0:00:02]} 45. Bxh7 {[%emt 0:00:00]} fxe3 {[%emt 0:00:34]} 46. fxe3 {[%emt 0:00:00]} g4 {[%emt 0:00:08]} 47. Bg8 {[%emt 0:00:30]} Ke5 {[%emt 0:00:45]} 48. Kf2 {[%emt 0:00:12]} Be4 {[%emt 0:00:52]} 1/2-1/2

[Event "1st Sivas Buruciye Open 2019"]
[Site "Sivas"]
[Date "2019.08.22"]
[Round "7"]
[White "Toksan, Hayati"]
[Black "Subasi, Fidel"]
[Result "1-0"]
[WhiteElo "1408"]
[BlackElo "1683"]
[Annotator "NA"]
[PlyCount "89"]
[EventDate "2019.08.19"]
[EventType "swiss"]
[EventCountry "TUR"]
[SourceTitle "playchess.com"]
[Source "ChessBase"]
[SourceQuality "1"]
[TimeControl "5400+30"]

1. d4 e6 2. c4 f5 3. Nc3 Nf6 4. g3 Bb4 5. Bd2 O-O 6. a3 Bxc3 7. Bxc3 d6 8. b4 Ne4 9. Bb2 f4 10. Nf3 d5 11. c5 Qe8 12. Bc1 fxg3 13. hxg3 a5 14. Bf4 axb4 15. axb4 Rxa1 16. Qxa1 Qb5 17. Qb2 Nc6 18. Bg2 Qxb4+ 19. Qxb4 Nxb4 20. O-O Nc3 21. Bxc7 Nxe2+ 22. Kh2 Nc6 23. Rd1 Bd7 24. Rd2 Nc3 25. Rb2 Bc8 26. Bd6 Re8 27. Bf1 Ne4 28. Bf4 g5 29. Be3 Rf8 30. Kg2 h6 31. Bd3 Nf6 32. Ne5 Nxe5 33. dxe5 Nd7 34. Bd4 Nb8 35. Be3 Nc6 36. f4 Rf7 37. Rb1 {[%emt 1:08:30]} Bd7 {[%emt 1:42:18]} 38. Rxb7 {[%emt 0:00:30]} Be8 {[%emt 0:00:46]} 39. Rb6 {[%emt 0:05:30]} g4 {[%emt 0:02:27]} 40. Bg6 {[%emt 0:00:30]} Ra7 {[%emt 0:02:50]} 41. Bxe8 {[%emt 0:00:30]} Ra2+ {[%emt 0:00:04]} 42. Bf2 {[%emt 0:00:00]} Nd4 {[%emt 0:00:15]} 43. c6 {[%emt 0:01:00]} Nc2 {[%emt 0:01:08]} 44. Rb1 {[%emt 0:01:30]} Ne3+ {[%emt 0:00:50]} 45. Kg1 {[%emt 0:00:00]} 1-0

[Event "1st Sivas Buruciye Open 2019"]
[Site "Sivas"]
[Date "2019.08.22"]
[Round "7"]
[White "Uslu, Ali Yigit"]
[Black "Akbayir, Eymen"]
[Result "1/2-1/2"]
[WhiteElo "1249"]
[BlackElo "1108"]
[Annotator "NA"]
[PlyCount "99"]
[EventDate "2019.08.19"]
[EventType "swiss"]
[EventCountry "TUR"]
[SourceTitle "playchess.com"]
[Source "ChessBase"]
[SourceQuality "1"]
[TimeControl "5400+30"]

1. e4 e5 2. Nf3 Nc6 3. Bc4 Bc5 4. d3 Nf6 5. Bb3 d6 6. c3 h6 7. h3 O-O 8. O-O Re8 9. Nbd2 d5 10. exd5 Nxd5 11. Ne4 Bb6 12. Re1 Bf5 13. Ng3 Bg6 14. Bc2 Nf6 15. Nf1 e4 16. dxe4 Qxd1 17. Rxd1 Bxe4 18. Bxe4 Nxe4 19. Be3 Rad8 20. Bxb6 axb6 21. Ne3 Nf6 22. Kf1 Kf8 23. Rd2 Rxd2 24. Nxd2 Rd8 25. Nf3 g6 26. g3 Ne4 27. Rd1 Rxd1+ 28. Nxd1 Ke7 29. Ke2 Ke6 30. Ke3 f5 31. Nd4+ {[%emt 1:25:30]} Ke5 {[%emt 1:21:30]} 32. Nb5 {[%emt 0:00:30]} Ne7 {[%emt 0:02:30]} 33. Nxc7 {[%emt 0:00:30]} Nd5+ {[%emt 0:00:30]} 34. Nxd5 {[%emt 0:00:30]} Kxd5 {[%emt 0:00:30]} 35. g4 {[%emt 0:00:30]} Ke5 {[%emt 0:00:30]} 36. f3 {[%emt 0:00:30]} f4+ {[%emt 0:01:30]} 37. Kd3 {[%emt 0:02:00]} Ng5 {[%emt 0:00:30]} 38. Ke2 {[%emt 0:00:27]} Nxh3 {[%emt 0:00:30]} 39. b3 {[%emt 0:00:22]} Ng5 {[%emt 0:00:30]} 40. Nb2 {[%emt 0:00:31]} Kd5 {[%emt 0:01:40]} 41. Nc4 {[%emt 0:00:46]} b5 {[%emt 0:01:31]} 42. Nb6+ {[%emt 0:00:16]} Ke6 {[%emt 0:03:49]} 43. a4 {[%emt 0:00:36]} bxa4 {[%emt 0:00:27]} 44. Nxa4 {[%emt 0:00:08]} Kd6 {[%emt 0:00:32]} 45. Nb2 {[%emt 0:01:13]} Kd5 {[%emt 0:01:02]} 46. Nc4 {[%emt 0:00:31]} Ne6 {[%emt 0:00:50]} 47. Nb6+ {[%emt 0:00:32]} Kc5 {[%emt 0:00:30]} 48. Nd7+ {[%emt 0:00:36]} Kd6 {[%emt 0:01:02]} 49. Nb6 {[%emt 0:00:19]} Kc6 {[%emt 0:00:20]} 50. Nc4 {[%emt 0:00:13]} 1/2-1/2

[Event "1st Sivas Buruciye Open 2019"]
[Site "Sivas"]
[Date "2019.08.23"]
[Round "8"]
[White "Bagaturov, Giorgi"]
[Black "Barsov, Alexei"]
[Result "1/2-1/2"]
[WhiteElo "2417"]
[BlackElo "2383"]
[Annotator "NA"]
[PlyCount "28"]
[EventDate "2019.08.19"]
[EventType "swiss"]
[EventCountry "TUR"]
[SourceTitle "playchess.com"]
[Source "ChessBase"]
[SourceQuality "1"]
[TimeControl "5400+30"]

1. d4 Nf6 2. c4 e6 3. Nf3 d5 4. g3 Be7 5. Bg2 O-O 6. O-O dxc4 7. Qa4 a6 8. Qxc4 b5 9. Qc2 Bb7 10. Bd2 Be4 11. Qc1 Bb7 12. Qc2 Be4 13. Qc1 Bb7 14. Qc2 Be4 1/2-1/2

[Event "1st Sivas Buruciye Open 2019"]
[Site "Sivas"]
[Date "2019.08.23"]
[Round "8"]
[White "Saraci, Nderim"]
[Black "Annaberdiev, Meilis"]
[Result "1/2-1/2"]
[WhiteElo "2398"]
[BlackElo "2518"]
[Annotator "RC"]
[PlyCount "77"]
[EventDate "2019.08.19"]
[EventType "swiss"]
[EventCountry "TUR"]
[SourceTitle "playchess.com"]
[Source "ChessBase"]
[SourceQuality "1"]
[TimeControl "5400+30"]

1. e4 c5 2. Nf3 e6 3. g3 b6 4. Bg2 Bb7 5. Nc3 Nf6 6. e5 Ne4 7. Nxe4 Bxe4 8. d3 Bb7 9. O-O Be7 10. d4 O-O 11. Be3 Nc6 12. c4 Nxd4 13. Nxd4 Bxg2 14. Nxe6 dxe6 15. Qxd8 Raxd8 16. Kxg2 f6 17. Rad1 fxe5 18. Rxd8 Bxd8 19. Rd1 e4 20. Rd7 Bf6 21. b3 Rf7 22. Rd6 Re7 23. a4 Kf7 24. Kf1 Rb7 25. Ke2 Ke7 26. Rd2 h6 27. h3 Bc3 28. Rd1 e5 29. Rd5 Bd4 30. Bxd4 exd4 31. Re5+ Kd6 32. Rxe4 g5 33. h4 Re7 34. Rxe7 Kxe7 35. hxg5 hxg5 36. f3 Kf6 37. Kd2 Ke5 38. Kd3 Kf5 39. Kd2 1/2-1/2